Reglamento formado con arreglo al artículo 72 de la ley orgánica vigente de 20 de Agosto de 1870, para el servicio interior de las oficinas de la Diputación Provincial de Tarragona
Descripción Física:
27 p. ; 15 cm
MARC
| LEADER | 00000nam a2200000Ia 4500 | ||
|---|---|---|---|
| 001 | 19973 | ||
| 008 | 160829s1871 xx 000 0 cat d | ||
| 080 | |a RF-7-39 | ||
| 245 | |a Reglamento formado con arreglo al artículo 72 de la ley orgánica vigente de 20 de Agosto de 1870, para el servicio interior de las oficinas de la Diputación Provincial de Tarragona | ||
| 260 | |a Tarragona : |b Establecimiento tipográfico de Tort y Cusidó, |c 1871 | ||
| 300 | |a 27 p. ; |c 15 cm | ||
| 590 | |a Prové de 2973, exp. 17 | ||
| 610 | 0 | |a Tarragona (Catalunya : Província). |b Diputació |x Reglaments i procediment |9 52947 | |
| 856 | 4 | |u https://media.diba.cat/diba/fitxers/arxiu/fulletons/bib_19973_1871_baixa.pdf |y Accés lliure | |
| 856 | 4 | |u https://media.diba.cat/diba/fitxers/arxiu/fulletons/bib_19973_1871_baixa.pdf |y Accés lliure | |
| 901 | |a Arxiu | ||
| 942 | |n 1 |2 udc | ||
| 952 | |0 0 |1 0 |4 0 |6 RF739 |7 1 |9 53911 |a Arxiu |b Arxiu |d 2016-12-01 |l 0 |o RF-7-39 |p 19973 |r 2016-12-01 00:00:00 |w 2016-12-01 |y ARXIU | ||
| 999 | |c 57778 |d 57778 | ||
| 900 | |a bib_19973_1871_baixa.pdf | ||